000 00554nam a22001935i 4500
001 53108
003 ES-MaACL
005 20230906162716.0
007 t|
008 960201s1884 fr ||||1| fre d
040 _aCAM
_bspa
_cCCPB | SIC
080 _a821.133.1-31"18"
100 1 _aDu Boisgobey, Fortuné.
_945695
245 1 0 _aMargot la Balafrée /
_cpar Fortuné du Boisgobey.
250 _a2e ed.
260 _aParis :
_bE. Plon, Nourrit et Cie,
_c1884.
300 _a2 v. ;
_c18 cm.
852 _aES-MaACL
_jD-876-77
_z.- Legado M. de La Fuente
999 _c53108
_d53108